000 00615nam a2200229 i 4500
001 C2-0242116
003 PPAK
005 20180727204219.0
008 020910s1959 si |||| ||||| | may d
040 _aPPAK
_beng
_cPPAK
_erda
082 0 4 _a398.22
_223
090 0 0 _a398.22
_bHIK
_dKAM
245 0 0 _aHikayat Hang Tuah
264 1 _aSingapura :
_bMalaya Publishing ,
_c1959
300 _a184 pages ;
_c22 cm
336 _2rdacontent
_atext
337 _2rdamedia
_aunmediated
338 _2rdacarrier
_avolume
500 _aTeks dalam tulisan Jawi ; Jilid pertama
650 1 0 _aLagends, Malay
942 _ddc
_cB
999 _c56921
_d56921